Perutusan dalam pengurusan : (Record no. 2941)

000 -LEADER
fixed length control field nam a22 a 4500
003 - CONTROL NUMBER IDENTIFIER
control field AKMAL
005 - DATE AND TIME OF LATEST TRANSACTION
control field 20170518164930.0
008 - FIXED-LENGTH DATA ELEMENTS--GENERAL INFORMATION
fixed length control field 170518s1989 my 00 may d
020 ## - INTERNATIONAL STANDARD BOOK NUMBER
International Standard Book Number 9676509019
040 ## - CATALOGING SOURCE
Original cataloging agency AKMAL
Transcribing agency AKMAL
049 ## - LOCAL HOLDINGS (OCLC)
Holding library mal
082 04 - DEWEY DECIMAL CLASSIFICATION NUMBER
Classification number 658 SAM
090 ## - LOCALLY ASSIGNED LC-TYPE CALL NUMBER (OCLC); LOCAL CALL NUMBER (RLIN)
Classification number (OCLC) (R) ; Classification number, CALL (RLIN) (NR) 658
Local cutter number (OCLC) ; Book number/undivided call number, CALL (RLIN) SAM
100 1# - MAIN ENTRY--PERSONAL NAME
Personal name Mansor Ahmad Saman,
Dates associated with a name 1949-
9 (RLIN) 3023
245 1# - TITLE STATEMENT
Title Perutusan dalam pengurusan :
Remainder of title kearah pengurusan berkesan /
Statement of responsibility, etc. Mansor Ahmad Saman, Abdul Rahim Said
260 ## - PUBLICATION, DISTRIBUTION, ETC.
Place of publication, distribution, etc. Petaling Jaya :
Name of publisher, distributor, etc. Fajar Bakti,
Date of publication, distribution, etc. 1989
300 ## - PHYSICAL DESCRIPTION
Extent ix, 201ms. ;
Dimensions 23cm
440 ## - SERIES STATEMENT/ADDED ENTRY--TITLE
Title Siri pengurusan Fajar Bakti
9 (RLIN) 6151
504 ## - BIBLIOGRAPHY, ETC. NOTE
Bibliography, etc. note Bibliografi: ms. 190-201
650 ## - SUBJECT ADDED ENTRY--TOPICAL TERM
Topical term or geographic name entry element Communication in management
9 (RLIN) 2708
650 ## - SUBJECT ADDED ENTRY--TOPICAL TERM
Topical term or geographic name entry element Management
General subdivision Communication systems
9 (RLIN) 6152
700 0# - ADDED ENTRY--PERSONAL NAME
Personal name Abdul Rahim Said
9 (RLIN) 6153
942 ## - ADDED ENTRY ELEMENTS (KOHA)
Source of classification or shelving scheme
Koha item type Book
Holdings
Withdrawn status Lost status Source of classification or shelving scheme Damaged status Not for loan Collection code Home library Current library Date acquired Inventory number Total Checkouts Full call number Barcode Date last seen Price effective from Koha item type
          NON-FICTION AKMAL Melaka AKMAL Melaka 18.05.2017 600738   658 SAM 201704043 18.05.2017 18.05.2017 Book
Pusat Sumber Maklumat Dato' Haji Sarmin Md Hussin, Akademi Kastam Diraja Malaysia, Melaka
Tel: 06-2331106 | Faks: 06-2313787